| 000 | 00840nam a2200277 a 4500 | ||
|---|---|---|---|
| 001 | ASIN1588268454 | ||
| 005 | 20170105102907.0 | ||
| 008 | 131024s2012 xxu eng d | ||
| 020 |
_a9788130923994 (hb) _c$26.50 |
||
| 040 | _a0 | ||
| 050 | 0 | 4 | _aD860 |
| 082 | 0 | 4 | _a909.829 |
| 245 | 1 | 0 |
_aIntroducing global issues / _cMichael T. Snarr, D. Neil Snarr. |
| 250 | _a5th ed. | ||
| 260 |
_a[S.l.] : _bLynne Rienner Pub, _c2012. |
||
| 300 |
_a371 p. ; _c23 cm. |
||
| 520 | _aThis book introduces its reader to global issues. | ||
| 650 | 0 | _aEcology | |
| 650 | 0 | _aInternational economic relations | |
| 650 | 0 | _aSocial history | |
| 650 | 0 | _aWorld politics | |
| 700 | 1 | _aSnarr, D. Neil. | |
| 700 | 1 | _aSnarr, Michael T. | |
| 856 | 4 | 0 |
_3Amazon.com _uhttp://www.amazon.com/exec/obidos/ASIN/1588268454/chopaconline-20 |
| 942 |
_2ddc _cBK |
||
| 999 |
_c14939 _d14939 |
||